| 000 | 01144cam a2200337 i 4500 | ||
|---|---|---|---|
| 999 |
_c200452636 _d70848 |
||
| 001 | 200452636 | ||
| 003 | TR-AnTOB | ||
| 005 | 20230512151503.0 | ||
| 007 | ta | ||
| 008 | 010410s1999 tu bd 000 0 tur | ||
| 020 | _a9751921481 | ||
| 035 | _a(TR-AnTOB)200452636 | ||
| 040 |
_aTR-AnTOB _beng _erda _cTR-AnTOB |
||
| 041 | 0 | _atur | |
| 050 | 0 | 0 |
_aHF3716.5 _bT87 1999 |
| 090 |
_aHF3716.5 _bT87 1999 |
||
| 245 | 0 | 0 | _aTürk Cumhuriyetleri ve akraba ülkelerde ticaret-müteahhitlik-yatırım imkanları. |
| 264 | 1 |
_aAnkara : _bT.C. Devlet Bakanlığı, _c1999. |
|
| 300 |
_ax, 259 pages : _bmaps, tables ; _c27 cm |
||
| 336 |
_atext _btxt _2rdacontent |
||
| 337 |
_aunmediated _bn _2rdamedia |
||
| 338 |
_avolume _bnc _2rdacarrier |
||
| 505 | 0 | _aDemir-çelik -- demir dışı metaller -- çimento -- kömür -- petrol -- doğalgaz. | |
| 650 | 7 |
_aYatırımlar, Dış _zTürkiye _2etuturkob _949728 |
|
| 651 | 7 |
_aTürkiye _xTicaret _2etuturkob _913482 |
|
| 700 | 1 |
_aAndican, A. Ahat _ewriter of preface _98961 |
|
| 710 | 1 |
_aTürkiye. _bDevlet Bakanlığı _983056 |
|
| 942 |
_2lcc _cBK |
||